2016-17 NBA PPG Leaders - Statistics

General Stats
  • This quiz has been taken 89 times
  • The average score is 20 of 25
Answer Stats
Team - PPG Player % Correct
Thunder - 31.6 Russell Westbrook
97%
Rockets - 29.1 James Harden
96%
Warriors - 25.1 Kevin Durant
96%
Warriors - 25.3 Stephen Curry
96%
Raptors - 27.3 DeMar DeRozan
89%
Celtics - 28.9 Isaiah Thomas
89%
Cavaliers - 25.2 Kyrie Irving
87%
Pelicans - 28.0 Anthony Davis
86%
Trail Blazers - 27.0 Damian Lillard
86%
Spurs - 25.5 Kawhi Leonard
86%
Kings/Pelicans - 27.0 DeMarcus Cousins
84%
Cavaliers - 26.4 LeBron James
84%
Pacers - 23.7 Paul George
81%
Bucks - 22.9 Giannis Antetokounmpo
80%
Bulls - 23.9 Jimmy Butler
80%
Wizards - 23.1 John Wall
80%
Timberwolves - 25.1 Karl-Anthony Towns
77%
Raptors - 22.4 Kyle Lowry
77%
Wizards - 23.1 Bradley Beal
74%
Timberwolves - 23.6 Andrew Wiggins
71%
Suns - 22.1 Devin Booker
69%
Hornets - 23.2 Kemba Walker
69%
Trail Blazers - 23.0 CJ McCollum
63%
Warriors - 22.3 Klay Thompson
56%
Knicks - 22.4 Carmelo Anthony
51%
No matching quizzes found
Score Distribution
Percent of People with Each Score
Percentile by Number Answered
Your Score History
You have not taken this quiz